000 00722nam a2200241Ia 4500
003 GCL
008 140319s9999 xx 000 0 ara d
040 _aGCL /
_cGCL
082 0 4 _a792.9
_bد م
100 1 _aدوفينو، جان
245 1 0 _aالمسرح المعاصر ثقافة وثقافة مضادة . /
_cدوفينو، جان
700 1 _aلاجوت وجون
700 1 _aنورا امين
260 _a[S.N] :
_bوزارة الثقافة ،
_c1994
300 _a264 ص
490 _a
650 0 4 _aالمسرح
650 0 4 _aالمسرحيات
650 0 4 _aالمسرح التجريبى
650 0 4 _aالمسرحيات التجريبية
650 0 4 _aتاريخ ونقد
942 _2ddc
_cBK
999 _c35287
_d35287